|
|
|
|
| LEADER |
00939nam a2200241 a 4500 |
| 001 |
1337734 |
| 008 |
091122s1980 nyua b 001 0 eng d |
| 010 |
|
|
|a \\\79026654
|
| 020 |
|
|
|a 0070545952 :
|c $18.50 (est.)
|
| 040 |
|
|
|a DLC
|c DLC
|d DLC
|
| 082 |
0 |
0 |
|a 330
|2 19
|
| 100 |
1 |
|
|a Samuelson, Paul Anthony,
|d 1915-
|
| 245 |
1 |
0 |
|a Economics /
|c Paul A. Samuelson.
|
| 250 |
|
|
|a 11th ed. /
|b with the assistance in statistical updating of William Samuelson.
|
| 260 |
|
|
|a New York :
|b McGraw-Hill,
|c c1980.
|
| 300 |
|
|
|a xxv, 861 p. :
|b ill. ;
|c 24 cm.
|
| 504 |
|
|
|a Includes bibliographical references and index.
|
| 541 |
1 |
|
|e 00000097
|
| 650 |
|
0 |
|a Economics.
|
| 700 |
1 |
|
|a Samuelson, William.
|
| 852 |
4 |
|
|a Ayesha Abed Library
|j General shelf
|
| 999 |
|
|
|c 5769
|d 5769
|
| 952 |
|
|
|0 0
|1 0
|2 ddc
|4 0
|6 330_SAM
|7 0
|9 5708
|a BRACUL
|b BRACUL
|c GEN
|d 2009-11-22
|g 0.00
|l 3
|m 2
|o 330 SAM
|p 3010000097
|r 2019-09-29
|s 2019-05-29
|t 1
|w 2009-11-22
|y BK
|x No price found in the accession register.
|